000 00275nam a2200109Ia 4500
008 200302s9999 xx 000 0 und d
100 _aBo Sodersten & other
245 _aInternational Economics 3rd ed.
260 _bMacmillan Indian Ltd.
260 _c1994
300 _a714 P.,
999 _c5506
_d5506